[Event "FRA-ch Blitz Online Qual"]
[Site "Europe Echecs INT"]
[Date "2020.05.16"]
[Round "15"]
[White "Mallevaey, Guillaume"]
[Black "Nicolas, Guillaume"]
[Result "1/2-1/2"]
[WhiteElo "1823"]
[BlackElo "2143"]
[PlyCount "117"]
[EventDate "2020.05.16"]
[EventType "swiss (blitz)"]
[EventRounds "15"]
[EventCountry "FRA"]
[SourceTitle "CBM 196 Extra"]
[Source "ChessBase"]
[SourceDate "2020.07.31"]
[SourceVersion "1"]
[SourceVersionDate "2020.07.31"]
[SourceQuality "1"]

1. c4 Nf6 2. Nc3 c5 3. g3 d5 4. cxd5 Nxd5 5. Bg2 Nc7 6. Nf3 Nc6 7. 0-0 e5 8. d3 Be7 9. Be3 0-0 10. a3 Be6 11. Rc1 Qd7 12. Ne4 b6 13. Qc2 Nd5 14. Bg5 f6 15. Bd2 Rac8 16. Nc3 Nd4 17. Qd1 Nxc3 18. bxc3 Bb3 19. Qe1 Nb5 20. Rb1 Ba4 21. Ra1 Rfd8 22. c4 Nd4 23. Nxd4 cxd4 24. Bb4 Bc5 25. Rb1 Bc6 26. Qd2 Bxg2 27. Kxg2 h6 28. Rb2 f5 29. Bxc5 Rxc5 30. Rfb1 e4 31. Rb5 Qc6 32. Kg1 Re8 33. Qf4 Qe6 34. Rxc5 bxc5 35. Rb5 exd3 36. exd3 Rc8 37. Rb8 Kh7 38. Rxc8 Qxc8 39. Qe5 Kg6 40. Qd6+ Kf7 41. Qd5+ Kf6 42. h4 Qc7 43. Qf3 g5 44. hxg5+ hxg5 45. Qd5 Qe7 46. Kg2 Qc7 47. Qf3 f4 48. gxf4 gxf4 49. Qd5 Qg7+ 50. Kf3 Qc7 51. Qe4 Kg5 52. Qd5+ Kf6 53. Qe4 Qa5 54. Qxf4+ Ke7 55. Qe5+ Kd7 56. Qd5+ Ke7 57. Qe5+ Kf7 58. Qf5+ Ke7 59. Qe5+ 1/2-1/2

[Event "FRA-ch Blitz Online Qual"]
[Site "Europe Echecs INT"]
[Date "2020.05.16"]
[Round "10"]
[White "Nicolas, Guillaume"]
[Black "Bernard, Mathis"]
[Result "1-0"]
[WhiteElo "2143"]
[BlackElo "1880"]
[PlyCount "109"]
[EventDate "2020.05.16"]
[EventType "swiss (blitz)"]
[EventRounds "15"]
[EventCountry "FRA"]
[SourceTitle "CBM 196 Extra"]
[Source "ChessBase"]
[SourceDate "2020.07.31"]
[SourceVersion "1"]
[SourceVersionDate "2020.07.31"]
[SourceQuality "1"]

1. e4 c5 2. Nf3 d6 3. d4 cxd4 4. Nxd4 Nf6 5. f3 Nc6 6. c4 Qb6 7. Nc2 g6 8. Nc3 Bg7 9. Rb1 a5 10. Be3 Qd8 11. b3 0-0 12. Qd2 Re8 13. Be2 Be6 14. 0-0 Nd7 15. Nd5 Nc5 16. Bf2 Bxd5 17. exd5 Nb4 18. Nd4 e5 19. dxe6 Nxe6 20. Nxe6 fxe6 21. f4 d5 22. a3 Nc6 23. Rfd1 d4 24. Bf3 Qc7 25. Bxc6 Qxc6 26. Bxd4 Rad8 27. Qc3 Bxd4+ 28. Rxd4 Rxd4 29. Qxd4 Re7 30. Rd1 Rf7 31. Qd8+ Kg7 32. Qd4+ Kg8 33. b4 axb4 34. axb4 b6 35. c5 bxc5 36. bxc5 Qc7 37. g3 Qc6 38. Qd8+ Kg7 39. Qd4+ Kg8 40. Rb1 Rf8 41. Rb6 Qd5 42. Qxd5 exd5 43. Rd6 Rc8 44. Rxd5 Kf7 45. Kf2 Ke6 46. Re5+ Kf6 47. Kf3 Rc6 48. Ke4 h6 49. Kd5 Ra6 50. c6 Ra1 51. c7 Rc1 52. Kd6 Rd1+ 53. Rd5 Rc1 54. Rc5 Rd1+ 55. Kc6 1-0

[Event "FRA-ch Blitz Online Qual"]
[Site "Europe Echecs INT"]
[Date "2020.05.16"]
[Round "12"]
[White "Nicolas, Guillaume"]
[Black "Cavailles, Evan"]
[Result "1-0"]
[WhiteElo "2143"]
[BlackElo "2018"]
[PlyCount "137"]
[EventDate "2020.05.16"]
[EventType "swiss (blitz)"]
[EventRounds "15"]
[EventCountry "FRA"]
[SourceTitle "CBM 196 Extra"]
[Source "ChessBase"]
[SourceDate "2020.07.31"]
[SourceVersion "1"]
[SourceVersionDate "2020.07.31"]
[SourceQuality "1"]

1. e4 c5 2. Nf3 Nc6 3. d4 cxd4 4. Nxd4 Qb6 5. Nb3 Nf6 6. Be3 Qc7 7. f3 e6 8. c4 a6 9. Nc3 Be7 10. Rc1 0-0 11. Be2 b6 12. 0-0 Bb7 13. Nd5 exd5 14. cxd5 Rac8 15. Nd4 Bc5 16. dxc6 dxc6 17. Qb3 Rfd8 18. Rfd1 Rd7 19. Nf5 Bxe3+ 20. Qxe3 Rcd8 21. Qg5 Ne8 22. h4 g6 23. Nh6+ Kg7 24. Ng4 Rxd1+ 25. Rxd1 Rxd1+ 26. Bxd1 Qd6 27. Bb3 Qd4+ 28. Kh2 Nf6 29. h5 Nxg4+ 30. Qxg4 Qe5+ 31. Kh3 Qxh5+ 32. Qxh5 gxh5 33. Kh4 Kg6 34. f4 c5 35. Bc2 Kh6 36. g3 b5 37. e5 c4 38. f5 Bc8 39. a3 a5 40. Be4 b4 41. axb4 axb4 42. Bc2 c3 43. bxc3 bxc3 44. g4 hxg4 45. Kxg4 Kg7 46. Kg5 h6+ 47. Kh5 Bb7 48. f6+ Kf8 49. Kxh6 Bd5 50. Kg5 Ke8 51. Kf4 Kd7 52. Ke3 Ke6 53. Kd4 Ba2 54. Bd1 Bb1 55. Bb3+ Kf5 56. e6 fxe6 57. f7 c2 58. Bxc2+ Bxc2 59. f8Q+ Kg6 60. Qg8+ Kf6 61. Qh8+ Ke7 62. Qg7+ Kd6 63. Qg3+ Kd7 64. Kc5 Bf5 65. Qd6+ Ke8 66. Kd4 Bg4 67. Ke5 Bf5 68. Kf6 e5 69. Qe7# 1-0

[Event "FRA-ch Blitz Online Qual"]
[Site "Europe Echecs INT"]
[Date "2020.05.16"]
[Round "6"]
[White "Nicolas, Guillaume"]
[Black "Martinez Martinez, Mateo"]
[Result "0-1"]
[WhiteElo "2143"]
[BlackElo "1917"]
[PlyCount "74"]
[EventDate "2020.05.16"]
[EventType "swiss (blitz)"]
[EventRounds "15"]
[EventCountry "FRA"]
[SourceTitle "CBM 196 Extra"]
[Source "ChessBase"]
[SourceDate "2020.07.31"]
[SourceVersion "1"]
[SourceVersionDate "2020.07.31"]
[SourceQuality "1"]

1. e4 c5 2. Nf3 d6 3. d4 cxd4 4. Nxd4 Nf6 5. f3 e5 6. Nb3 d5 7. Bg5 Be6 8. Bxf6 gxf6 9. exd5 Bxd5 10. Nc3 Be6 11. Qxd8+ Kxd8 12. 0-0-0+ Nd7 13. Bd3 Bh6+ 14. Kb1 Ke7 15. Be4 Rab8 16. Na5 Nc5 17. Bd5 Rhd8 18. b4 Na6 19. a3 Bxd5 20. Nxd5+ Ke6 21. c4 Bf8 22. Kb2 Rd6 23. Kb3 b6 24. c5 bxc5 25. Ne3 cxb4 26. Rxd6+ Bxd6 27. Nc6 Rb6 28. Nxb4 Nxb4 29. axb4 Rxb4+ 30. Kc3 a5 31. Rd1 Bc5 32. Nc4 Bd4+ 33. Kd3 Rb3+ 34. Ke2 a4 35. Nd2 Rb2 36. Rb1 a3 37. Rxb2 Bxb2 0-1

[Event "FRA-ch Blitz Online Qual"]
[Site "Europe Echecs INT"]
[Date "2020.05.16"]
[Round "8"]
[White "Nicolas, Guillaume"]
[Black "Sere, Nicolas"]
[Result "1-0"]
[WhiteElo "2143"]
[BlackElo "1753"]
[PlyCount "71"]
[EventDate "2020.05.16"]
[EventType "swiss (blitz)"]
[EventRounds "15"]
[EventCountry "FRA"]
[SourceTitle "CBM 196 Extra"]
[Source "ChessBase"]
[SourceDate "2020.07.31"]
[SourceVersion "1"]
[SourceVersionDate "2020.07.31"]
[SourceQuality "1"]

1. e4 c5 2. Nf3 e6 3. d4 cxd4 4. Nxd4 Nf6 5. Bd3 Nc6 6. Nxc6 bxc6 7. 0-0 e5 8. c4 Be7 9. Nc3 0-0 10. h3 Bb7 11. Be3 d5 12. exd5 cxd5 13. cxd5 Nxd5 14. Nxd5 Qxd5 15. f3 Bc5 16. Qe2 Rfd8 17. Be4 Bxe3+ 18. Qxe3 Qb5 19. b3 Bxe4 20. Qxe4 Rac8 21. Rfd1 f6 22. Kh2 Qc5 23. b4 Qf2 24. Rac1 Qb6 25. a4 Rxc1 26. Rxc1 Rd4 27. Qa8+ Kf7 28. Rc6 Qxb4 29. Qxa7+ Kg6 30. Rc7 Qf8 31. a5 e4 32. Qxd4 exf3 33. Qg4+ Kh6 34. Qxf3 Qd6+ 35. Qg3 Qa6 36. Qxg7+ 1-0

[Event "FRA-ch Blitz Online Qual"]
[Site "Europe Echecs INT"]
[Date "2020.05.16"]
[Round "5"]
[White "Villevieille, Lucas"]
[Black "Nicolas, Guillaume"]
[Result "0-1"]
[WhiteElo "1713"]
[BlackElo "2143"]
[PlyCount "48"]
[EventDate "2020.05.16"]
[EventType "swiss (blitz)"]
[EventRounds "15"]
[EventCountry "FRA"]
[SourceTitle "CBM 196 Extra"]
[Source "ChessBase"]
[SourceDate "2020.07.31"]
[SourceVersion "1"]
[SourceVersionDate "2020.07.31"]
[SourceQuality "1"]

1. d4 Nf6 2. c4 e5 3. dxe5 Ng4 4. e3 Nxe5 5. Nh3 d5 6. Qxd5 Qf6 7. Nf4 Nbc6 8. Bd2 g5 9. Nd3 Be6 10. Qe4 Bf5 11. Qd5 Rd8 12. Qb5 Bxd3 13. Bxd3 Nxd3+ 14. Ke2 Qxf2+ 15. Kd1 Qxg2 16. Re1 Nxe1 17. Kxe1 Qg1+ 18. Ke2 Qxh2+ 19. Kf1 Bd6 20. Qd5 Ne5 21. Qe4 0-0 22. Qf5 Ng6 23. Bc3 Be5 24. Bxe5 Rd1# 0-1

[Event "Sautron op 14th"]
[Site "Sautron"]
[Date "2014.10.26"]
[Round "4"]
[White "Poulain, Yves"]
[Black "Nicolas, Guillaume"]
[Result "1/2-1/2"]
[WhiteElo "1771"]
[BlackElo "2009"]
[PlyCount "54"]
[EventDate "2014.10.26"]
[EventType "swiss"]
[EventRounds "9"]
[EventCountry "FRA"]
[SourceTitle "EXT 2016"]
[Source "ChessBase"]
[SourceDate "2015.10.08"]
[SourceVersion "1"]
[SourceVersionDate "2015.10.08"]
[SourceQuality "1"]

1. d4 Nf6 2. c4 g6 3. Nc3 d5 4. cxd5 Nxd5 5. e4 Nxc3 6. bxc3 Bg7 7. Nf3 c5 8. Rb1 0-0 9. Be2 Nc6 10. d5 Bxc3+ 11. Bd2 Bxd2+ 12. Qxd2 Nd4 13. Nxd4 cxd4 14. h4 e5 15. f4 exf4 16. Qxf4 Qa5+ 17. Qd2 Qxd2+ 18. Kxd2 Re8 19. Bf3 b6 20. Rhe1 Ba6 21. Rbc1 Rac8 22. Rxc8 Rxc8 23. Bg4 Rc5 24. Bd7 Ra5 25. a4 Kf8 26. Bc6 Rc5 27. Rc1 f6 1/2-1/2

[Event "Sautron op 21th"]
[Site "Sautron"]
[Date "2014.08.31"]
[Round "5"]
[White "Nicolas, Guillaume"]
[Black "Lambert, Romain"]
[Result "1-0"]
[WhiteElo "1985"]
[BlackElo "2074"]
[PlyCount "107"]
[EventDate "2014.08.28"]
[EventType "swiss"]
[EventRounds "6"]
[EventCountry "FRA"]
[SourceTitle "EXT 2015"]
[Source "ChessBase"]
[SourceDate "2014.11.20"]
[SourceVersion "1"]
[SourceVersionDate "2014.11.20"]
[SourceQuality "1"]

1. e4 Nf6 2. Nc3 d5 3. exd5 Nxd5 4. Nxd5 Qxd5 5. Qf3 c6 6. Qxd5 cxd5 7. d4 Nc6 8. c3 Bf5 9. Nf3 f6 10. Nh4 Bg4 11. f4 e6 12. Bd3 Ne7 13. Kf2 Bf5 14. Nxf5 Nxf5 15. Re1 Kf7 16. g4 Nd6 17. b3 Rc8 18. Bb2 f5 19. gxf5 exf5 20. Re5 Be7 21. Rxd5 g6 22. c4 Rhe8 23. Kf3 Rcd8 24. Re1 Ne4 25. Rxd8 Nd2+ 26. Kg2 Rxd8 27. Re2 Ne4 28. Bxe4 fxe4 29. Rxe4 b5 30. Kf3 bxc4 31. bxc4 Rb8 32. Re2 Rb4 33. Rc2 Ra4 34. Ba1 Ke6 35. Ke4 Bd6 36. d5+ Kd7 37. Be5 Bc5 38. Bd4 Bd6 39. c5 Bxf4 40. c6+ Kc7 41. Kxf4 Rxd4+ 42. Ke5 Rd1 43. Rb2 Re1+ 44. Kf6 Kd6 45. Rc2 Re8 46. c7 Rc8 47. Kg7 g5 48. Kxh7 Kxd5 49. Kg6 Ke5 50. Kxg5 Rg8+ 51. Kh6 Rc8 52. Kg7 a5 53. Kf7 Kd6 54. h4 1-0

[Event "Sautron op 21th"]
[Site "Sautron"]
[Date "2014.08.31"]
[Round "6"]
[White "Picard, Remi"]
[Black "Nicolas, Guillaume"]
[Result "1-0"]
[WhiteElo "2094"]
[BlackElo "1985"]
[PlyCount "85"]
[EventDate "2014.08.28"]
[EventType "swiss"]
[EventRounds "6"]
[EventCountry "FRA"]
[SourceTitle "EXT 2015"]
[Source "ChessBase"]
[SourceDate "2014.11.20"]
[SourceVersion "1"]
[SourceVersionDate "2014.11.20"]
[SourceQuality "1"]

1. e4 e6 2. d4 d5 3. Nd2 Nf6 4. e5 Nfd7 5. f4 c5 6. c3 Nc6 7. Ndf3 Qb6 8. a3 Be7 9. b4 cxd4 10. cxd4 f5 11. Be3 0-0 12. Bd3 Qd8 13. Ne2 Nb6 14. Rc1 Bd7 15. 0-0 Be8 16. Rc3 Rc8 17. Qc2 Bh5 18. Nc1 a6 19. h3 Bxf3 20. Rxf3 Na7 21. Nb3 Rxc3 22. Qxc3 Nb5 23. Qc1 Qc7 24. Nc5 Bxc5 25. dxc5 Nd7 26. g4 fxg4 27. Rg3 gxh3 28. Qc2 h6 29. Bxb5 axb5 30. Qg6 Rf7 31. Qxe6 Qc6 32. Qxc6 bxc6 33. e6 Re7 34. exd7 Rxd7 35. Bd4 Re7 36. Kh2 Kh7 37. Kxh3 g6 38. Re3 Rxe3+ 39. Bxe3 Kg7 40. a4 bxa4 41. b5 a3 42. b6 a2 43. Bd4+ 1-0

[Event "Sautron op 21th"]
[Site "Sautron"]
[Date "2014.08.29"]
[Round "2"]
[White "Nicolas, Guillaume"]
[Black "Collinet, Nicolas"]
[Result "1-0"]
[WhiteElo "1985"]
[BlackElo "1659"]
[PlyCount "89"]
[EventDate "2014.08.28"]
[EventType "swiss"]
[EventRounds "6"]
[EventCountry "FRA"]
[SourceTitle "EXT 2015"]
[Source "ChessBase"]
[SourceDate "2014.11.20"]
[SourceVersion "1"]
[SourceVersionDate "2014.11.20"]
[SourceQuality "1"]

1. e4 e5 2. Nf3 Nc6 3. d4 exd4 4. Bc4 Nf6 5. 0-0 Be7 6. e5 Ne4 7. Bd5 Nc5 8. Re1 0-0 9. Nxd4 Nxd4 10. Qxd4 Ne6 11. Qd3 Bg5 12. Nc3 Bxc1 13. Raxc1 d6 14. exd6 Qxd6 15. Bxe6 Bxe6 16. Qxd6 cxd6 17. Nb5 Rad8 18. Rcd1 d5 19. Re5 Rd7 20. f4 g6 21. Nd4 Rd6 22. Kf2 Ra6 23. a3 Rb6 24. b3 Rc8 25. Rd3 a6 26. Kf3 Rd6 27. g4 Bd7 28. h3 Kf8 29. f5 Re8 30. Rde3 Rxe5 31. Rxe5 Bc6 32. h4 h6 33. g5 hxg5 34. hxg5 gxf5 35. Rxf5 Kg7 36. Kf4 f6 37. gxf6+ Rxf6 38. Ke5 Rg6 39. Ne6+ Kg8 40. Kd6 Kh7 41. Ke7 Rg2 42. Rh5+ Kg8 43. Rg5+ Rxg5 44. Nxg5 d4 45. Ne6 1-0

[Event "Avoine op 28th"]
[Site "Avoine"]
[Date "2013.07.24"]
[Round "5"]
[White "Hutois, Mickael"]
[Black "Nicolas, Guillaume"]
[Result "1/2-1/2"]
[WhiteElo "2142"]
[BlackElo "1944"]
[PlyCount "127"]
[EventDate "2013.07.20"]
[EventType "swiss"]
[EventRounds "9"]
[EventCountry "FRA"]
[SourceTitle "CBM 155 Extra"]
[Source "ChessBase"]
[SourceDate "2013.08.26"]
[SourceVersion "1"]
[SourceVersionDate "2013.08.26"]
[SourceQuality "1"]

1. e4 e6 2. d4 d5 3. e5 c5 4. c3 Qb6 5. Nf3 Nc6 6. a3 Nh6 7. b4 cxd4 8. cxd4 Nf5 9. Be3 f6 10. b5 Nxe5 11. dxe5 Nxe3 12. fxe3 Qxe3+ 13. Be2 fxe5 14. Qd2 Qxd2+ 15. Nbxd2 e4 16. Nd4 e5 17. N4b3 Be6 18. 0-0 Rc8 19. Rac1 Rxc1 20. Rxc1 Kd7 21. a4 Be7 22. h3 Rc8 23. Rxc8 Kxc8 24. Bg4 Bxg4 25. hxg4 Bg5 26. Kf1 Kc7 27. Nb1 Be3 28. Nc3 Kd6 29. Ke2 Bd4 30. Nd1 a6 31. bxa6 bxa6 32. Ne3 g6 33. g5 Bb6 34. Ng4 Ke6 35. a5 Ba7 36. Nf6 e3 37. Nxh7 d4 38. Nf6 Kf5 39. Kd3 Kxg5 40. Ne4+ Kf4 41. Nc1 Kf5 42. Ne2 Bb8 43. Nc5 Bc7 44. Nb7 Bb8 45. Kc4 Ba7 46. Nd6+ Ke6 47. Ne4 Kf5 48. N4g3+ Kg4 49. Kd3 Bb8 50. Ne4 Kf5 51. Nc5 Bc7 52. Nxa6 Bxa5 53. Nc5 Bb4 54. Ne4 Be1 55. Ng1 Kf4 56. Nh3+ Kf5 57. Nhg5 Bh4 58. Nf3 Be7 59. Ng3+ Kf4 60. Ne2+ Kf5 61. Nh2 Bf6 62. Ng3+ Kf4 63. Ne2+ Kf5 64. Ng3+ 1/2-1/2

[Event "Rohde op 12th"]
[Site "Sautron"]
[Date "2012.11.??"]
[Round "1"]
[White "Nicolas, Guillaume"]
[Black "Broin, Christian"]
[Result "1-0"]
[WhiteElo "1883"]
[BlackElo "1761"]
[PlyCount "39"]
[EventDate "2012.10.27"]
[EventType "swiss"]
[EventRounds "9"]
[EventCountry "FRA"]
[SourceTitle "EXT 2014"]
[Source "ChessBase"]
[SourceDate "2013.11.20"]
[SourceVersion "1"]
[SourceVersionDate "2013.11.20"]
[SourceQuality "1"]

1. e4 e6 2. d4 d5 3. e5 c5 4. c3 Nc6 5. Nf3 Qb6 6. a3 a5 7. Be2 Nh6 8. Bd3 Bd7 9. dxc5 Bxc5 10. 0-0 Nf5 11. Nbd2 Qc7 12. Nb3 Bb6 13. Bxf5 exf5 14. Qxd5 Be6 15. Qb5 0-0 16. Nbd4 Bd7 17. Qe2 Rfe8 18. Re1 Rad8 19. Bg5 Ra8 20. Nb5 1-0

[Event "Sautron op 11th"]
[Site "Sautron"]
[Date "2011.10.23"]
[Round "4"]
[White "Nicolas, Guillaume"]
[Black "Devallee, Jeremie"]
[Result "0-1"]
[WhiteElo "1826"]
[BlackElo "2081"]
[PlyCount "36"]
[EventDate "2011.10.22"]
[EventType "swiss"]
[EventRounds "9"]
[EventCountry "FRA"]
[SourceTitle "EXT 2016"]
[Source "ChessBase"]
[SourceDate "2015.10.08"]
[SourceVersion "1"]
[SourceVersionDate "2015.10.08"]
[SourceQuality "1"]

1. d4 Nf6 2. Nf3 d6 3. Bf4 Bg4 4. Nbd2 c6 5. c3 Nbd7 6. h3 Bxf3 7. Nxf3 Qc7 8. Qb3 e5 9. Ng5 Nc5 10. dxc5 exf4 11. cxd6 Bxd6 12. 0-0-0 0-0 13. h4 h6 14. Qc2 Rfe8 15. Nh3 b5 16. Rd3 c5 17. Qd2 Be5 18. e3 c4 0-1